[Event "Sarajevo Bosnia-A 37th"]
[Site "Sarajevo"]
[Date "2007.05.20"]
[Round "2"]
[White "Movsesian, Sergei"]
[Black "Predojevic, Borki"]
[Result "1-0"]
[WhiteElo "2642"]
[BlackElo "2609"]
[Annotator "Movsesian,S"]
[PlyCount "91"]
[EventDate "2007.05.19"]
[EventType "tourn"]
[EventRounds "10"]
[EventCountry "BIH"]
[EventCategory "17"]
[SourceTitle "CBM 118"]
[Source "ChessBase"]
[SourceDate "2007.05.31"]
[SourceVersion "1"]
[SourceVersionDate "2007.05.31"]
[SourceQuality "1"]

1. e4 e6 2. d4 d5 3. Nc3 Nf6 4. e5 Nfd7 5. f4 c5 6. Nf3 Nc6 7. Be3 Be7 8. Qd2
O-O 9. Be2 {White has many alternatives here, I went for a less forced one.} (
9. g3) (9. O-O-O) (9. dxc5) 9... a6 10. O-O b5 {Since b5-b4 is not a real
threat, this move is not neccesary here.} 11. a3 $6 (11. Nd1 $5 {transferring
the N to f2} b4 12. Nf2 a5 13. dxc5 (13. c4 $5 bxc3 14. bxc3 Ba6 15. Bxa6 Rxa6
16. dxc5 Nxc5 17. Rac1 $13 {Quezada-Borges Mateos, CUB (ch) 2007}) 13... Nxc5
14. Nd4 Nxd4 15. Bxd4 Ba6 16. Rae1 Qc7 17. Kh1 $13 {Browne-Akobian, Stillwater
2007}) 11... Qb6 12. dxc5 Bxc5 13. Bxc5 Nxc5 14. Kh1 Bb7 ({Probably Black
could use little tactics here:} 14... d4 $5 15. Nd1 (15. Nxd4 $2 Rd8 16. Bf3
Rxd4 17. Qe3 Bb7 $19) 15... Bb7 16. Nf2 Rad8 17. b4 Na4 18. Bd3 Ne7 {and Black
is doing fine.}) 15. Bd3 b4 16. axb4 Qxb4 17. f5 $5 {I was calculating the
consequences of this aggresive move for quite a while... only to come to the
conclusion, that Black has enough resources to defend...} Qg4 $2 (17... exf5 $5
18. Bxf5 d4 19. Ne4 ({Attempts to mate Black do not bring any success...} 19.
Qe2 dxc3 20. Bxh7+ Kxh7 21. Ng5+ Kg6) (19. Qf2 dxc3 20. Bxh7+ Kxh7 21. Ng5+ Kg8
22. Qf5 Qh4) (19. Qg5 h6) 19... Nxe4 20. Bxe4 Qxd2 21. Nxd2 $11) (17... d4 {
looks quite dangerous for Black:} 18. f6 h6 19. fxg7 Kxg7 20. Qf4 $40) 18. h3
$2 ({Hard to explain, why I didn't play} 18. f6 $40) 18... Qh5 19. Ne2 exf5 20.
Ng3 Qg6 21. Nxf5 Ne4 22. Bxe4 $6 ({White has a slight edge after} 22. Qf4 Qxf5
23. Qxf5 Ng3+ 24. Kh2 Nxf5 25. Bxf5 $14) 22... dxe4 23. N3d4 Rae8 24. Nxc6 Bxc6
25. Qf4 Bb5 $2 {The black bishop will be completely misplaced here.} (25... f6
$1 26. Rf2 Bd7 27. Qxe4 fxe5 28. Raf1 $14) 26. Rf2 f6 27. Ra3 $1 {After this
Black's position becomes critical.} Qg5 (27... Bd7 28. e6 $1 Bxe6 29. Nxg7 Kxg7
30. Rg3 $16) 28. Rg3 Qxf4 29. Rxg7+ Kh8 30. Rxf4 {Black has no time to collect
on e5, as after there Rh4 is a lethal threat.} Bc4 $8 31. Re7 $1 {The rest is
easy.} fxe5 32. Rxe4 Rxe7 33. Nxe7 Ba2 34. Rxe5 Rf2 35. Nf5 Kg8 36. Ne3 Bb1 37.
Kg1 Rd2 38. Rg5+ Kf7 39. Rf5+ Kg6 40. Rf2 Rd6 41. Rf1 Ba2 42. b3 Re6 43. Kf2
Rf6+ 44. Ke2 Rxf1 45. Kxf1 Kg5 46. g3 1-0

[Event "FRA-chT Gp-A"]
[Site "France"]
[Date "2003.04.04"]
[Round "5.7"]
[White "Cornette, Matthieu"]
[Black "Moracchini, Fabrice"]
[Result "0-1"]
[WhiteElo "2329"]
[BlackElo "2302"]
[Annotator "Mueller,Karsten"]
[PlyCount "153"]
[EventDate "2003.01.31"]
[EventType "team"]
[EventRounds "7"]
[EventCountry "FRA"]
[SourceTitle "CBM 095"]
[Source "ChessBase"]
[SourceDate "2003.07.25"]
[SourceVersion "1"]
[SourceVersionDate "2003.07.25"]
[SourceQuality "1"]
[WhiteTeam "Bordeaux"]
[BlackTeam "Drancy"]
[WhiteTeamCountry "FRA"]
[BlackTeamCountry "FRA"]

1. e4 e6 2. d4 d5 3. Nc3 Nf6 4. e5 Nfd7 5. Nf3 c5 6. dxc5 Nc6 7. Bf4 Bxc5 8.
Bd3 a6 9. a3 Nd4 10. O-O Nc6 11. Qe2 Be7 12. Rad1 Nf8 13. Bg3 Bd7 14. Nb1 b5
15. Qe3 Ng6 16. Nbd2 O-O 17. Nb3 Rc8 18. c3 Re8 19. h3 Nf8 20. h4 f6 21. exf6
gxf6 22. Bb1 a5 23. Qh6 a4 24. Nbd4 Nxd4 25. Nxd4 Rc5 26. Rd3 Ng6 27. h5 Bf8
28. Qe3 Nh8 29. Bh4 Nf7 30. Qg3+ Kh8 31. Rf3 Be7 32. Bxh7 Ne5 33. h6 Nxf3+ 34.
Nxf3 Rg8 35. Bxg8 Qxg8 36. Ne5 Be8 37. Ng4 Qf7 38. Qf3 f5 39. Ne5 Qh7 40. Qe3
Rc8 41. Bxe7 Qxe7 42. Re1 Qf6 43. Qd4 Kh7 44. Qa7+ Kxh6 45. Re3 Bh5 46. Qb7 Rd8
47. Qxb5 f4 48. Re1 f3 49. Qb6 Rc8 50. g3 Qf5 51. Qe3+ Kh7 52. Qd3 Re8 53.
Qxf5+ exf5 54. Nd3 Re4 55. Kf1 Kg7 56. Nf4 Bf7 57. Rd1 Kf6 58. Rd3 d4 59. Rxf3
Bc4+ 60. Kg2 Be2 61. Nxe2 Rxe2 62. cxd4 Rxb2 63. g4 Kg5 64. Rxf5+ Kxg4 65. Ra5
Rd2 66. Rxa4 Kf4 67. d5+ Ke5 68. Ra5 Kf4 69. a4 Rd4 70. Kf1 Kf3 71. Ke1 Ke4 72.
Ke2 Kf4 73. f3 Ke5 74. Ke3 Rb4 75. f4+ Kd6 76. Kf3 Rd4 77. Kg4 {Is the result
0-1 correct? 1-0 fits obviously better. Ist das Ergebnis 0-1 richtig? 1-0
passt natürlich viel besser.} 0-1

[Event "ISR-ch"]
[Site "Jerusalem"]
[Date "1996.??.??"]
[Round "8"]
[White "Rotman, Daniel"]
[Black "Zalkind, Konstantin"]
[Result "1-0"]
[WhiteElo "2345"]
[BlackElo "2315"]
[Annotator "Nor,I"]
[PlyCount "75"]
[EventDate "1996.10.26"]
[EventType "swiss"]
[EventRounds "9"]
[EventCountry "ISR"]
[SourceTitle "CBM 056"]
[Source "ChessBase"]
[SourceDate "1997.02.01"]
[SourceVersion "1"]
[SourceVersionDate "1997.02.01"]
[SourceQuality "1"]

1. e4 {Tyomkin,D} e6 2. d4 d5 3. Nc3 Nf6 4. e5 Nfd7 5. f4 c5 6. Nf3 Nc6 7. Be3
a6 8. Qd2 b5 9. a3 (9. Ne2 $5 b4 (9... Bb7 10. g3 (10. c3 Rc8 11. g3 cxd4 12.
cxd4 Nb6 13. Nc3 Bb4 14. a3 Bxc3 15. bxc3 Na5 $15 {Wohlfart,A - Kingelhoefer,S
/OLO-B Ger/1993/0:1/40}) 10... Rc8 11. Bh3 g6 12. O-O cxd4 13. Nexd4 Nc5 $10 {
= Timman,J-Bareev,E/Linares 1992}) 10. h4 Qb6 11. h5 a5 12. f5 cxd4 13. Nexd4
Bc5 {[%csl Rd4]} 14. fxe6 fxe6 15. Bb5 Nxd4 16. Bxd7+ Bxd7 17. Bxd4 O-O 18. Rh4
Rf5 {=/+ Blatny,P-Andersson,U/Prague Kottnauer 1996}) (9. Be2 b4 10. Na4 cxd4
11. Nxd4 Nxd4 12. Bxd4 Be7 13. O-O O-O 14. Qe3 a5 15. c4 dxc4 16. Bxc4 Ba6 17.
Bxa6 Rxa6 18. Rac1 Qb8 19. Qd3 Qb7 20. Qc4 Raa8 21. Qc6 Rfb8 22. Rfd1 g5 23. g3
gxf4 24. gxf4 Nf8 25. Kf2 Qxc6 26. Rxc6 Rd8 27. Ke3 Ng6 28. Ke4 Bf8 29. Rg1
Rac8 30. Rxc8 Rxc8 31. Nc5 Rxc5 32. Bxc5 Bxc5 33. Rc1 Bb6 {0-1 Reefat,S-Bareev,
E/32nd ol, Yerevan ARM 1996}) (9. g3 cxd4 10. Nxd4 Bb7 11. Bg2 Bc5 12. Nce2 O-O
13. c3 Qe7 14. O-O b4 15. Rac1 bxc3 16. Qxc3 Nb4 17. Ra1 Rac8 18. Qd2 Nb6 19.
b3 a5 $36 {0-1 Fogarasi,T-Arnold,L/FSGM Aug, Budapest HUN 1996 (34)}) 9... Bb7
10. Bd3 $5 (10. Qf2 $6 Qa5 $1 11. Ra2 Qb6 12. Ne2 b4 13. Nd2 a5 14. Nb3 c4 $15
{Hodgson-Chandler, London 1990}) (10. Be2 $5 cxd4 11. Nxd4 Bc5 12. O-O (12.
Nxc6 Bxc6 13. Bxc5 Nxc5 14. O-O-O Rc8 $132) 12... Qb6 13. Rad1 Rc8 14. Bf2 O-O
15. Nxc6 Bxf2+ 16. Rxf2 Rxc6 17. Bd3 f6 18. exf6 Nxf6 19. h3 Rc7 20. Qe2 Rcf7
21. Rdf1 g6 22. Kh2 Nd7 23. Rf3 Qd6 24. g3 e5 25. fxe5 Nxe5 26. Rxf7 Rxf7 27.
Rxf7 Kxf7 28. Qf2+ Kg8 29. Ne2 d4 30. Ng1 (30. Nf4 Qc6 31. Qg2 Qxg2+ 32. Nxg2
Nf3+ 33. Kh1 Ne1 34. Bf1 Nxc2 35. Kg1 Kf7 $17) 30... Qc6 31. g4 Nxd3 32. cxd3
Qc7+ {0-1 Kolev,A-Glek,I/Linares op sp 1996}) 10... cxd4 11. Nxd4 Nb6 $6 $146 (
11... Nxd4 12. Bxd4 Bc5 13. Ne2 Bxd4 14. Nxd4 Nc5 15. O-O-O $14 {
Vasiukov-Dokhoian, Moscow 1990}) 12. Qf2 $1 (12. O-O-O $6 Nc4 13. Bxc4 dxc4 $1
(13... bxc4 $6 14. Nxc6 Bxc6 15. f5 Qa5 (15... Rb8 16. fxe6 fxe6 17. Ne2 Qc7
18. Qc3 Qb7 19. Nf4 a5 20. Nxe6 Bb4 21. axb4 axb4 22. Qd4 Ra8 23. Qc5 $18) 16.
fxe6 fxe6 17. Ne2 Qxd2+ 18. Rxd2 Rb8 19. c3 Be7 20. Rf1 Rf8 21. Rxf8+ Bxf8 22.
Nd4 Bd7 23. Rf2 g6 24. Bg5 h6 25. Bf6 h5 $13) 14. Qf2 $1 (14. Nxc6 Qxd2+ (14...
Bxc6 15. Qf2 $1 (15. Qxd8+ $2 Rxd8 16. Rxd8+ Kxd8 17. Rd1+ Kc7 18. g3 Be7 $15)
15... Qc7 16. Bc5 Bxc5 17. Qxc5 Qb7 18. Rhg1 Rc8 (18... Bxg2 19. Rd2 Bc6 20.
Rxg7 $16) 19. Rd2 $18) 15. Rxd2 Bxc6 $15) 14... Qc7 15. Nxc6 Qxc6 $13) 12...
Nc4 (12... Bc5 $5 13. Nxc6 Bxe3 14. Qxe3 Bxc6 15. Qh3 $1 (15. Ne2 Nc4 16. Qg3 (
16. Bxc4 dxc4 17. Nd4 Bxg2 18. Rg1 Qh4+ 19. Qf2 Qxf2+ 20. Kxf2 Be4 $1 21. Rxg7
Bg6 $19) 16... O-O 17. O-O-O Qb6 $13) 15... Qd7 $1 (15... h6 16. O-O-O O-O 17.
f5 $40 Qg5+ 18. Kb1 d4 19. Ne4 Qf4 20. Ng3 $1 Qxe5 21. Rde1 Qf6 22. fxe6 Rae8
23. Rhf1 Rxe6 (23... Qg5 24. exf7+ Rxf7 25. Rxe8+ Bxe8 26. Qe6 Qe7 27. Qxb6
Rxf1+ 28. Nxf1 $18) 24. Rxf6 Rxe1+ 25. Ka2 gxf6 (25... Bd5+ 26. b3 Na4 27. Rf1
Nc3+ 28. Kb2 Nd1+ 29. Kc1 Bxg2 30. Qxg2 Ne3+ 31. Rxe1 Nxg2 32. Re4 $18) 26.
Qg4+ Kh8 27. Qf5 Bd5+ 28. b3 $18) 16. O-O $1 (16. O-O-O a5 17. f5 b4 18. fxe6
fxe6 19. Ne2 bxa3 20. bxa3 Qe7 $132) 16... Nc4 17. b3 Qa7+ 18. Kh1 Ne3 19. Rf3
d4 20. Ne4 $14) 13. Bxc4 dxc4 14. O-O-O $14 Nxd4 $5 (14... Qa5 $2 15. Nxc6 Bxc6
16. Bb6 $18) (14... Qc7 15. Ndxb5 $3 axb5 16. Bb6 Qb8 17. Nxb5 Be7 (17... Bxa3
18. Nc7+ Kf8 19. Nxa8 Qxa8 20. bxa3 Qxa3+ 21. Kd2 Qb4+ 22. Ke2 Qb2 23. Rd2 c3
24. Rd7 Qxc2+ (24... Qb5+ 25. Ke1 $18) 25. Ke3 Qxf2+ 26. Kxf2 Ba6 27. Rc7 Nb8
28. Ba7 $18) 18. Nc7+ Kf8 19. Nxa8 Qxa8 20. Qe3 (20. Bc5 c3) 20... g6 21. Rd7
$1 (21. Bc5 Qa5 $1 22. Bxe7+ Nxe7 23. Rd7 Bxg2 $13) (21. h4 Qa4 22. Bc5 (22. h5
c3 23. hxg6 cxb2+ 24. Kb1 fxg6 25. Qh3) (22. Rd7 Nb4 $19) 22... c3 23. Bxe7+
Nxe7 24. Qxc3 Qxf4+ 25. Kb1 Bxg2 26. Rhg1 Bd5 27. h5 $14) 21... Kg7 22. Rhd1
Qa6 23. Bc5 $16) (14... Qc8 $5 15. Qg3 b4 16. axb4 Nxb4 17. Rhf1 g6 18. h4 $40)
15. Rxd4 (15. Bxd4 Qc7 16. Qg3 g6 17. h4 h5 $13) 15... Qa5 $2 (15... Qc7 $1 16.
Ne4 $5 (16. Qg3 Bc5 17. Rd2 (17. Qxg7 Bxd4 18. Qxh8+ Kd7 19. Qxh7 Bxe3+ 20. Kb1
Rf8) 17... Bxe3 18. Qxe3 O-O 19. Rhd1 Rad8 20. g4 $13) 16... Bxe4 (16... Be7
17. Nd6+ Bxd6 18. exd6 Qd7 19. f5 $40) 17. Rxe4 Be7 18. c3 $1 (18. f5 exf5 (
18... c3 19. b4 a5 20. f6 gxf6 21. exf6 Bd6 22. Qf3 Ra6 23. Qh5 Qd7 24. Rd1 $1
axb4 25. Rxe6+ Qxe6 (25... Kd8 26. Re7 Qc6 27. Bc5 Rxa3 28. Kb1 $18) 26. Qxb5+
Kd8 (26... Kf8 27. Bh6+ Kg8 28. Qg5#) 27. Bb6+ $1 Rxb6 (27... Kc8 28. Qxa6+ $18
) 28. Qxb6+ Kd7 29. Qb7+ Ke8 30. Qc6+ Qd7 31. Qa8+ Qd8 32. Qxd8+ Kxd8 33. Rxd6+
Kc7 34. Ra6 Re8 35. Ra7+ Kb6 36. Re7 Ra8 37. Kb1 bxa3 38. Ka2 Rf8 39. Kxa3 $18)
19. Qxf5 c3 20. b4 a5 21. e6 O-O 22. Rf1 axb4 23. exf7+ Kh8 24. Qg4 Bf6 $1 (
24... Rxa3 25. Qxg7+ Kxg7 26. Rg4+ $18) 25. Rxb4 Rxa3 $19) 18... a5 $1 $132 (
18... O-O 19. f5 Qc6 20. Rg4 $40) 19. f5 b4 20. f6 gxf6 21. exf6 Bd6 22. Qf3
Ra6 (22... bxc3 23. Rxe6+ fxe6 24. Qxa8+ Qb8 25. Qc6+ Kf8 26. Bh6+ Kg8 27. f7+
Kxf7 28. Qd7+ Be7 29. Rf1+ $18) 23. Qh5 bxa3 $1 24. Rxe6+ Kd8 25. Rxd6+ Rxd6
26. bxa3 Rd3 27. Rd1 Re8 28. Bd4 $13) 16. Rxc4 $1 bxc4 17. Bb6 Bc5 18. Bxc5 Qc7
19. Rd1 $40 Rd8 20. Bd6 $1 (20. Rxd8+ Qxd8 21. h4 {With idea f5} Qd7 22. g4 Qc6
23. Kb1 (23. f5 Qh1+ 24. Nd1 Bf3 $15) 23... Qf3 24. Qd2 $1 Bd5 (24... Qh1+ 25.
Ka2 Qxh4 26. g5 $18) 25. Nxd5 Qxd5 26. Qb4 h5 27. g5 Kd7 28. Qa4+ (28. Bf8 $5
Kc6 29. Bxg7 Rd8 30. Bf6 Rd7 $13) 28... Qc6 (28... Kc7 29. Bd6+ Kb6 30. Qd7
Qd1+ (30... Qc6 31. Qxf7 Rc8 32. Qxe6 $18) 31. Ka2 Qd5 32. Qc7+ Kb5 33. a4+
Kxa4 34. Qb6 $18) 29. Qxc4 Rc8 30. Qd3+ Ke8 31. b4 Rb8 (31... g6 32. Qd6 Qxd6
33. exd6 Kd7 34. c4 Kc6 35. Kc2 Re8 36. Kc3 e5 37. fxe5 Rxe5 38. Kd4 Re2 39. a4
Rd2+ 40. Ke5 a5 $1 41. Be3 Re2 42. b5+ Kd7 43. Kd4 Kxd6 44. c5+ Ke6 45. c6 $18)
32. Qd6 Qxd6 33. exd6 Kd7 34. c4 Re8 35. Kc2 e5 36. f5 e4 37. Kd2 e3+ 38. Bxe3
Kxd6 39. Bf4+ Kc6 40. Kd3 Rd8+ 41. Kc3 Re8 $14) 20... Qc6 21. Rd2 f5 $5 (21...
h6 22. f5 exf5 (22... Qd7 23. g4 $16) 23. Nd5 c3 24. bxc3 Rxd6 25. exd6 Qxd6
26. Qe3+ Kf8 27. c4 $1 $16) 22. Qh4 Qd7 (22... Rd7 23. g4 $5 Qh1+ 24. Rd1 Qf3
25. gxf5 exf5 26. Kb1 $16) 23. Na4 $1 (23. g4 $5 fxg4 24. Qxg4 Rf8 25. Rd4 Rf5
26. Rxc4 Rc8 (26... Qf7 27. Ne2 $16) 27. Rxc8+ Bxc8 28. Ne2 $16) 23... Qf7 (
23... Bd5 24. Nb6 Qf7 25. Nxd5 exd5 26. Rxd5 $18) 24. Nb6 c3 25. bxc3 h6 26.
Rd4 $1 $18 Bxg2 27. Rc4 g5 28. fxg5 Qg6 29. gxh6 Qxh6+ (29... Rxd6 30. Rc8+ Kf7
31. Rc7+ Kg8 32. exd6 $18) 30. Qxh6 Rxh6 31. Rc7 Rb8 (31... Rxh2 32. Rg7 $1 (
32. Re7+ Kf8 33. Rh7+ Rxd6 34. Rxh2 Rxb6 35. Rxg2 $13) 32... Rh1+ 33. Kb2 Rh8
34. Rxg2 Kf7 35. c4 $18) (31... Rxd6 32. exd6 e5 33. d7+ Ke7 34. Rc8 Rd6 35.
Re8+ Kf7 36. d8=Q Rxd8 37. Rxd8 $18) 32. Re7+ Kd8 33. Rd7+ Ke8 34. Bxb8 Rxh2
35. Bd6 Be4 36. Re7+ Kd8 37. Rf7 Bc6 38. Rc7 1-0

[Event "Terres Catalanes"]
[Site "Manresa"]
[Date "1996.??.??"]
[Round "3"]
[White "Vehi Bach, Victor Manuel"]
[Black "Mellado Trivino, Juan"]
[Result "1/2-1/2"]
[WhiteElo "2365"]
[BlackElo "2455"]
[Annotator "Nor,I"]
[PlyCount "47"]
[EventDate "1996.09.??"]
[EventType "tourn"]
[EventRounds "9"]
[EventCountry "ESP"]
[EventCategory "9"]
[SourceTitle "CBM 056"]
[Source "ChessBase"]
[SourceDate "1997.02.01"]
[SourceVersion "1"]
[SourceVersionDate "1997.02.01"]
[SourceQuality "1"]

1. e4 {Tyomkin,D} e6 2. d4 d5 3. Nc3 Nf6 4. e5 Nfd7 5. f4 c5 6. Nf3 Nc6 7. Be3
Rb8 {Ivanchuk's idea.} 8. Qd2 (8. Be2 $5 {Hellers}) 8... Qa5 (8... c4 9. f5 $5
$13 {Hellers-Ivanchuk,Tilburg 1993 [1-0]}) 9. dxc5 Bxc5 $146 (9... a6 $6 10.
O-O-O b6 11. cxb6 Nxb6 $6 12. Nd4 $1 Nxd4 13. Qxd4 Bd7 14. f5 $16 {+/- Vehi
Bach,V-Picanol,A/Olot op 1994}) 10. Bxc5 Nxc5 11. Nb5 $6 {Too simple to be good
} (11. O-O-O $5 b5 12. Nd4 $1 (12. Kb1 $6 b4 13. Ne2 Ne4 14. Qe3 Nc3+ $40)
12... Nxd4 13. Qxd4 b4 14. Ne2 (14. Nb1 $13) 14... Ba6 $1 (14... b3 $6 15. cxb3
Rxb3 16. Kb1 Rb4 17. Qc3 O-O 18. Rd4 $14) (14... Ne4 15. Kb1 Nc3+ 16. bxc3
bxc3+ 17. Ka1 Rb2 18. Nxc3 Rxc2 19. Bb5+ Bd7 (19... Kd8 20. Rd3 $18) 20. Bxd7+
Kxd7 21. Qa4+ $18) 15. Kb1 Ne4 16. f5 O-O $132 (16... Nc3+ 17. Nxc3 (17. bxc3
bxc3+ 18. Ka1 Bxe2 19. Bxe2 Qa3 20. Rb1 Rb2 21. Bb5+ $1 Kf8 22. Bc4 Qb4 23.
fxe6 Rxa2+ (23... Qxc4 24. Qxc4 dxc4 25. Rxb2 cxb2+ 26. Kxb2 fxe6 27. Kc3 Kf7
28. Rb1 $16) 24. Bxa2 Qxd4 25. Rb8+ Ke7 26. Rxh8 fxe6 27. Rb1 Qxe5 28. Rxh7 $16
) 17... bxc3 18. b3 Bxf1 19. Rhxf1 O-O 20. f6 Rfc8 21. Rd3 Rc4 $1 22. Qe3 Qa3 (
22... Rbc8 23. Qg5 $18) 23. Qc1 Qxc1+ 24. Kxc1 Rg4 25. Rxc3 Rxg2 $15)) 11...
Qxd2+ 12. Kxd2 f6 $1 $132 13. Re1 (13. Nd6+ $2 Ke7 14. Re1 (14. Bd3 fxe5 15.
fxe5 (15. Nxe5 Kxd6 16. Nf7+ Ke7 17. Nxh8 Nxd3 18. cxd3 Bd7 $19) 15... Bd7 16.
Rae1 Rbf8 17. Rhf1 a6 $15 {The knight on d6 is beautiful and not in use [As
usual!!].He is just a  Weakness}) 14... Bd7 15. Bd3 g5 $1 $17) 13... fxe5 (
13... Ne4+ $6 14. Ke3 a6 15. Nbd4 fxe5 16. Nxe5 Nxe5 17. fxe5 $14) 14. fxe5 Bd7
15. Bd3 Ke7 (15... O-O 16. Rhf1 (16. Nbd4 Nxd4 17. Nxd4 Rf2+ 18. Re2 Rbf8 $36)
16... Nxd3 17. cxd3 Nxe5 18. Rxe5 Bxb5 19. Rxe6 Rbe8 20. Rxe8 Rxe8 21. Nd4 $14)
16. Nbd4 Nxd4 $6 (16... Rbf8 $5 17. Rhf1 (17. Nxc6+ bxc6 (17... Bxc6 18. Rhf1 (
18. Nd4 Rf2+ 19. Re2 Nxd3 20. cxd3 Rhf8)) 18. Rhf1 Nxd3 19. cxd3 Rf4 $1 20. g3
(20. Ng5 Rg4) 20... Ra4 $1 (20... Rb4 21. b3 c5 22. Rc1 $14) 21. a3 Rb8 22. Kc3
c5 $15) 17... Be8 {The same position was in the game,but without exchange Nc6
on Nf3    Black has more chances.Now only White can win [with black's help!]})
17. Nxd4 Rbf8 18. Rhf1 Rxf1 (18... Nxd3 19. cxd3 Be8 20. Ke3 $14) 19. Rxf1 Be8
20. Rf3 h6 21. b4 $6 Nd7 $1 (21... Nxd3 $6 22. cxd3 a6 23. Rf1 $14) 22. Re3 Rf8
$15 23. Ke1 a6 $6 24. c3 {From the begining both of players haven't believed
they can win this game.} 1/2-1/2

[Event "Bucharest Int 19th"]
[Site "Bucharest"]
[Date "1980.03.15"]
[Round "11"]
[White "Ghinda, Mihail Viorel"]
[Black "Prandstetter, Eduard"]
[Result "1-0"]
[WhiteElo "2475"]
[BlackElo "2445"]
[Annotator "Notkin,M"]
[PlyCount "91"]
[EventDate "1980.03.04"]
[EventType "tourn"]
[EventRounds "15"]
[EventCountry "ROU"]
[EventCategory "8"]
[SourceTitle "MCL"]
[Source "ChessBase"]
[SourceDate "1999.07.01"]
[SourceVersion "1"]
[SourceVersionDate "1999.07.01"]
[SourceQuality "1"]

1. e4 e6 2. d4 d5 3. Nd2 Nf6 4. e5 Nfd7 5. f4 c5 6. Ndf3 Nc6 7. Ne2 Qb6 8. c3
f6 9. g3 cxd4 10. cxd4 Bb4+ 11. Nc3 fxe5 $2 (11... O-O 12. a3 Be7 13. Bh3 fxe5
14. Bxe6+ Kh8 15. Nxd5 Qd8 16. Nxe7 (16. Bxd7 Bxd7 17. dxe5 Bg4 18. O-O Bc5+
19. Be3 Bxe3+ 20. Nxe3 Bxf3 21. Rxf3 Qb6 $44 {Smagin,S-Dimitrov,V/Priler/1992/
1:0/54/}) 16... Qxe7 17. d5 e4 18. Ng5 Nc5 $44 {Lukin,A-Ivanov,S/Leningrad/
1984/0:1/35/}) 12. fxe5 O-O 13. Bf4 Be7 14. a3 Rf7 15. h4 Nf8 16. Na4 Qd8 17.
Rc1 (17. Bd3 Bd7 18. b4 b6 19. Nc3 a5 20. b5 Na7 21. Ng5 $16 {Dubinin,
P-Alatortsev,V/Leningrad/1947/}) 17... Bd7 18. b4 b6 19. Ba6 $2 (19. Nc3 $16)
19... Nb8 $1 20. Bd3 (20. Bb7 $2 Bxa4 21. Qxa4 Bxb4+ $17) 20... Qe8 $2 (20...
a5 21. b5 Bxa3 22. Rc2 Bb4+ $13) 21. Nc3 a5 22. Ng5 $1 Bxg5 23. hxg5 axb4 24.
axb4 Nc6 (24... g6 25. b5 $16) 25. Nb5 $1 Nxb4 26. Nd6 Ba4 (26... Qe7 $16) 27.
Bxh7+ $1 Nxh7 28. Qh5 g6 $8 29. Qxg6+ Rg7 30. Qxg7+ Kxg7 31. Nxe8+ Bxe8 32.
Rc7+ Bf7 33. Rxh7+ (33. Rh6 $18) 33... Kxh7 34. Rxf7+ Kg8 35. Rc7 Ra2 36. Kf1
Rc2 (36... Nc2 37. g6 Nxd4 38. Bh6 Ra8 39. g4 Nf3 40. Bg7 Nh2+ 41. Kg2 Nxg4 42.
Bf6 $18) 37. Rb7 Nd3 38. Be3 Rc3 39. Ke2 Nc1+ 40. Kf2 Nd3+ 41. Ke2 Nc1+ 42.
Bxc1 Rxc1 43. Rxb6 Kf7 44. g6+ Kxg6 45. Rxe6+ Kf5 46. Rf6+ 1-0

[Event "Montecatini Terme op"]
[Site "Montecatini Terme"]
[Date "1997.08.08"]
[Round "8"]
[White "Zelcic, Robert"]
[Black "Gleizerov, Evgeny"]
[Result "1-0"]
[WhiteElo "2530"]
[BlackElo "2560"]
[Annotator "Nurkic,S"]
[PlyCount "91"]
[EventDate "1997.11.??"]
[EventType "swiss"]
[EventRounds "9"]
[EventCountry "ITA"]
[SourceTitle "EXT 1999"]
[Source "ChessBase"]
[SourceDate "1998.11.16"]
[SourceVersion "1"]
[SourceVersionDate "1998.11.16"]
[SourceQuality "1"]

1. e4 e6 2. d4 d5 3. Nc3 Nf6 4. e5 Nfd7 5. f4 c5 6. Nf3 Qb6 7. Na4 Qc6 8. Nxc5
Nxc5 9. dxc5 Bxc5 10. Bd3 Qb6 11. c3 a5 12. Qb3 Nc6 13. Qxb6 Bxb6 14. Ke2 Bc5
15. Bd2 b6 16. Rhb1 Ba6 17. Bxa6 Rxa6 18. a4 Kd7 19. Kd3 Ra7 20. b4 axb4 21.
cxb4 Be7 22. Kc2 Rc8 23. Kb3 Rac7 24. Rc1 f6 25. h4 h5 26. Rc2 fxe5 27. fxe5
Nd8 28. Rxc7+ Rxc7 29. Bg5 Rc4 30. Bxe7 Kxe7 31. a5 Nc6 32. a6 Rxb4+ 33. Kc3
Rc4+ 34. Kd3 Na7 35. Rf1 Nc6 36. Ra1 Na7 37. Ng5 Rf4 $6 (37... b5 38. Rf1 Nc6
39. Rf7+ Ke8 40. Rb7 Ra4 41. Nxe6 Nxe5+ 42. Kc3 Nc6 43. Nxg7+ Kf8 44. Ne6+ Ke8)
38. Rc1 Kd7 39. Rc7+ Kxc7 40. Nxe6+ Kd7 41. Nxf4 Nc6 42. Nxd5 Nxe5+ 43. Ke4 Nc6
44. Nxb6+ Kc7 45. Nd5+ Kd6 46. Nf4 1-0

[Event "RUS-Cup9"]
[Site "Novgorod"]
[Date "1997.06.16"]
[Round "5"]
[White "Zakharov, Alexander V"]
[Black "Alavkin, Arseny Nailievich"]
[Result "1-0"]
[WhiteElo "2375"]
[BlackElo "2375"]
[Annotator "Petursson,M"]
[PlyCount "41"]
[EventDate "1997.06.11"]
[EventType "swiss"]
[EventRounds "9"]
[EventCountry "RUS"]
[SourceTitle "CBM 060"]
[Source "ChessBase"]
[SourceDate "1997.09.29"]
[SourceVersion "1"]
[SourceVersionDate "1997.09.29"]
[SourceQuality "1"]

1. e4 e6 2. Nf3 d5 3. Nc3 Nf6 4. e5 Nfd7 5. d4 c5 6. dxc5 Nc6 7. Bf4 Bxc5 8.
Bd3 f6 9. exf6 Nxf6 10. Qe2 O-O 11. O-O-O Bd7 12. Rhe1 a6 13. Ne5 Nxe5 14. Bxe5
b5 15. Qf3 b4 16. Ne2 Qb6 17. Nf4 Rf7 18. Re2 Ne4 $2 (18... Rc8 $16) {[%tqu
"En","Can you find a winning move for White here?","Look at those two White
square diagonals. If you could only combine threats against h7 and a8!",
"Exchange sacrifice?","e2e4","",14,"d3e4","",0]} 19. Rxe4 $1 $18 (19. Bxe4 dxe4
20. Qxe4 Bc6 21. Qd3 Bb5 $17) 19... Bd6 (19... dxe4 20. Qxe4 Re8 (20... g6 21.
Qxa8+ $18) 21. Qxh7+ Kf8 22. Ng6#) 20. Re2 Bxe5 21. Rxe5 1-0